000 02996nam0a2200421 4500
001 RU\NLR\BIBL_A\022589806
005 20260420051204.0
010 _a978-5-00259-007-0
_9300
021 _aRU
_bКН-П-25-031994
_9КН-П-25-3164
035 _a(NLR Aleph) 022589806
090 _a13679105
_c13679105
100 _a20250723d2024 u y0rusy50 ca
101 0 _arus
102 _aRU
105 _aa|||j|||000yy
181 0 _ai3
_baxxe
182 0 _an
200 1 _aВоспалительные заболевания вульвы и влагалища: организация оказания первичной медико-санитарной помощи в амбулаторных условиях
_eучебное пособие
_fк. м. н., доц. Р. И. Миннуллин, к. м. н. С. И. Стожарова, к. м. н. А. И. Махновский, к. м. н., доц. Г. В. Гриненко
_gпод редакцией д. м. н., профессора В. Ф. Беженаря
_gФедеральное государственное бюджетное образовательное учреждение высшего образования "Первый Санкт-Петербургский государственный медицинский университет имени И. П. Павлова" Министерства здравоохранения Российской Федерации, Кафедра акушерства, гинекологии и репродуктологии, Кафедра акушерства, гинекологии и неонатологии
203 _aТекст
_bвизуальный
_cнепосредственный
210 _aСанкт-Петербург
_cРИЦ ПСПбГМУ
_d2024
215 _a43 с.
_cил., табл.
_d21
300 _aАвт. указаны на обороте тит. с.
320 _aБиблиогр.: с. 16-17
606 1 _aВульвовагиниты
_jУчебные издания
_xВнебольничная помощь
_92680273
_3RU\NLR\AUTH\6601761078
686 1 _aР11(2)43л78я7
686 1 _aР715.101.1-5я7
686 1 _aР715.301.1-5я7
701 1 _aМиннуллин
_bР. И.
_gРуслан Ильдарович
701 1 _aСтожарова
_bС. И.
_gСветлана Игоревна
701 1 _aМахновский
_bА. И.
_gАндрей Иванович
701 1 _aГриненко
_bГ. В.
_gГалина Викторовна
702 1 _aБеженарь
_bВ. Ф.
_gВиталий Федорович
_4340
712 0 2 _4475
_aСанкт-Петербургский государственный медицинский университет им. И. П. Павлова
_9298499
_3RU\NLR\AUTH\8812801
942 _cBOOK
980 _aNB